00401nam a2200169Ia 4500003000400000005001700004008004100021040000700062041000800069082002100077100001000098245004700108260001600155365001300171650003100184650001600215OSt20230615112930.0210423s1971 xx 000 0 und d cAL aeng a361.3 223bIGNE aIGNOU aEvolution of social work practice in india bIgnouc1971 b118cINR aSocial Problems & Services aSocial Work